Memory as Fluid Process: James Friedman's "12 Nazi Concentration Camps" and Gunter Demnig's "Stolpersteine"

Titel: Memory as Fluid Process: James Friedman's "12 Nazi Concentration Camps" and Gunter Demnig's "Stolpersteine" / Brett Ashley Kaplan
Verfasser:
In: Shofar, Band 37, Heft 1 (2019), Seite 41-71
alle Artikel anzeigen
Veröffentlicht: 2019
Umfang: 10 Illustrationen
Format: Aufsatz
Sprache: Englisch
Schlagworte:
Kein Bild verfügbar
X
alg: 52946388
001A    $03025:24-04-25 
001B    $01999:24-04-25 $t22:48:56.000 
001D    $03025:24-04-25 
001U    $0utf8 
001X    $00 
002@    $0Oou 
002C    $aText $btxt $2rdacontent 
002D    $aComputermedien $bc $2rdamedia 
002E    $aOnline-Ressource $bcr $2rdacarrier 
003@    $0529463881 
007A    $0529463881 $aHEB 
009Q    $uhttps://doi.org/10.1353/sho.2019.0002 $xVolltext 
010@    $aeng 
010E    $erda 
011@    $a2019 
021A    $aMemory as Fluid Process: James Friedman's "12 Nazi Concentration Camps" and Gunter Demnig's "Stolpersteine" $hBrett Ashley Kaplan 
028A    $BVerfasser $#Ashley Kaplan, Brett $4aut $7132869985 $8Kaplan, Brett Ashley [Tp1] $9186001851 
031A    $d37 $e1 $h41-71 $j2019 
034M    $a10 Illustrationen 
039B    $aEnthalten in $8--Obvc--. Shofar. - West Lafayette, Ind. : Purdue Univ. Press, 1982-. - Online-Ressource. - ISSN 1534-5165 $x201900000370001959 $9098523678 
044K    $#Demnig, Gunter $#087673517 $77555258-9 $8Demnig, Gunter$Z1947- [Tp1]$aStolpersteine [Tu1] $9183663012 
044K    $8Stolpersteine [Tb1] $9454383525 
044K    $#Demnig, ... $7119333708 $8Demnig, Gunter$Z1947- [Tp1] $9087673517 
044K    $71099469937 $8Friedman, James$Z20./21.Jh. [Tp3] $9380277867 
044K    $RJudenverfolgung $RNationalsozialistisches Verbrechen $RVernichtungslager $#Holocaust, Jewish (1939-1945) $#Shoah $#Holocausto judío (1939-1945) $#Endlösung $#Holocaust $#Holokaust $#Judenfrage Endlösung $#Schoah $#Shoah $#Shoʾah $#Shoa $#Drittes Reich Judenvernichtung $#Šô'ā $#Juden Vernichtung $74073091-8 $8Judenvernichtung [Ts1] $9085205818 
044K    $RLager $RStraflager $#Nazi concentration camps $#Internment camps $#Camps de concentration $#Konzentrationslager $#Konzentrationslager $#KZ $#Internierungslager Konzentrationslager $#Concentration Camp $74032352-3 $8Konzentrationslager [Ts1] $9085086169 
044K    $RPolitische Identität $RGeschichtsbild $RGeschichtsdenken $#Conscience historique $#Geschichtsbewusstsein $#Historisches Bewusstsein $#Historisches Bewusstsein $#Geschichtsverständnis Geschichtsbewusstsein $#Geschichtskultur $74020526-5 $8Geschichtsbewusstsein [Ts1] $9085049387 
045F    $a900.94380904 $eDDC23BSB 
045F/01 $a900 
045F/03 $f0904 
045F/03 $g438 
045F/03 $g437 
045T    $aJUDAICA $qDE-30 $2FID 
045T    $aROM $qDE-5 $2FID 
045T    $aROM $qDE-18 $2FID 

lok: 52946388 78

exp: 52946388 78 1 #EPN
201B/01 $024-04-25 $t15:57:38.000 
201C/01 $024-04-25 
201U/01 $0utf8 
203@/01 $01303313669 
208@/01 $a24-04-25 $be 
209A/01 $a/ $f000 $x00 
209A/01 $ab*p $x01 
220C/01 $apgar 
244Z/01 $#Generalgouvernement Polen $#Polska $#Rzeczpospolita Polska $#Polska Rzeczpospolita Ludowa $#Poland $#Pologne $#République Polonaise $#Generalne Gubernatorstwo w Polsce $#Polish People's Republic $#Polska Rzeczpospolita Polen $#PRL $#RP $#Polen Generalgouvernement $#Polska Generalgouvernement $#Besetzte Polnische Gebiete $#Besetztes Gebiet in Polen $#Okupowane Polskie Obszary $#Obszary Okupowane w Polsce $#Volksrepublik Polen $#Polska Rosyjska $#Republic Polen $#Respublika Pol'ša $#Pol'skaja Narodnaja Respublika $#République de Pologne $#Polen Links der Weichsel $#Polska po Lewej Stronie Wisły $#Lenkija $#Polija $#Gubernija Carstva Pol'skago $#Republik Polen $74046496-9 $8--Tg1--Polen $x01 $9085129801 
244Z/01 $#Ostmitteleuropa $#Ostmitteleuropa $#Mitteleuropa, Ost $#Central Europe Ostmitteleuropa $#Mittelosteuropa $74075753-5 $8--Tg1--Ostmitteleuropa $x05 $9085214485 
247C/01 $82080>Marburg/Lahn, Herder-Institut, Forschungsbibliothek, Bibliographieportal $9336309341
LEADER 00000caa a2200000 c 4500
001 529463881
003 DE-603
005 20250424224856.0
007 cr||||||||||||
008 250424s2019 xx |||| o| u00||u|eng c
035 |a (DE-599)HEB529463881 
040 |a DE-603  |b ger  |c DE-603  |d DE-603  |e rda 
041 |a eng 
082 0 4 |8 1\u  |a 900.94380904  |q DE-101  |2 23/BSB 
084 |a JUDAICA  |q DE-30  |2 fid 
084 |a ROM  |q DE-5  |2 fid 
084 |a ROM  |q DE-18  |2 fid 
085 |8 1\u  |b 900 
085 |8 1\u  |z 1  |s 0904 
085 |8 1\u  |z 2  |s 438 
085 |8 1\u  |z 2  |s 437 
100 1 |a Kaplan, Brett Ashley  |e Verfasser  |4 aut  |0 (DE-603)186001851  |0 (DE-588)132869985  |2 gnd 
245 0 0 |a Memory as Fluid Process: James Friedman's "12 Nazi Concentration Camps" and Gunter Demnig's "Stolpersteine"  |c Brett Ashley Kaplan 
264 0 |c 2019 
300 |b 10 Illustrationen 
336 |a Text  |b txt  |2 rdacontent 
337 |a Computermedien  |b c  |2 rdamedia 
338 |a Online-Ressource  |b cr  |2 rdacarrier 
600 1 7 |a Demnig, Gunter  |d 1947-  |t Stolpersteine  |0 (DE-588)7555258-9  |0 (DE-603)183663012  |2 gnd 
600 1 7 |a Demnig, Gunter  |d 1947-  |0 (DE-588)119333708  |0 (DE-603)087673517  |2 gnd 
600 1 7 |a Friedman, James  |d 20./21.Jh.  |0 (DE-588)1099469937  |0 (DE-603)380277867  |2 gnd 
610 1 7 |a Stolpersteine  |2 gnd  |0 (DE-588)1197272364  |0 (DE-603)454383525 
650 7 |a Judenvernichtung  |0 (DE-588)4073091-8  |0 (DE-603)085205818  |2 gnd 
650 7 |a Konzentrationslager  |0 (DE-588)4032352-3  |0 (DE-603)085086169  |2 gnd 
650 7 |a Geschichtsbewusstsein  |0 (DE-588)4020526-5  |0 (DE-603)085049387  |2 gnd 
773 0 8 |i Enthalten in  |t Shofar  |d West Lafayette, Ind. : Purdue Univ. Press, 1982-  |h Online-Ressource  |x 1534-5165  |g Band 37, Heft 1 (2019), Seite 41-71  |w (DE-603)098523678  |w (DE-600)2047284-5 
856 |u https://doi.org/10.1353/sho.2019.0002 
924 1 |9 2080  |a (DE-603)1303313669  |b DE-2080  |c HES  |d d  |g /